00567nam a2200181Ia 4500003000900000008004100009020001800050040001600068080001500084245009800099260006000197300001000257650002500267650001900292650002500311700002300336700002600359IN-BaIIA211028s9999 xx 000 0 eng d a0-88202-184-2 cIIA Library a92:52bMAR 0aRutherford and physics at the turn of the Centurycedited by Mario Bunge and William R. Shea. aNew YorkbDawson and Science History Publicationsc1979 a184p. aBiography-Rutherford aNASA Thesaurus aRutherford-Biography aBunge, Mario., ed. aShea, William R., ed.